000 00276nam a22001217a 4500
020 _a572-00437-0
082 _a621.38412 WAT'A
100 _aWATERS, F. I
_980721
245 _aAUDIO AMPLIFIERS DESIGN
260 _aENGLAND
_bW. FOULSHAM
_c1967
300 _a160P
942 _cBK
999 _c585614
_d585614